000 01722cam a22004694i 4500
003 PE-LiUPU
005 20250731173353.0
008 150706s r 000 0 d
020 _a987436159X
035 _a(Sirsi) i9789874361592
040 _aPE-LiUPU
_bspa
_cPE-LiUPU
_erda
049 _aPRUA
082 0 4 _a286.732092
_bB.74s
_221
100 1 _aBorgo de Vallejos, Ramona,
_eautor.
245 1 0 _aSeñor, tú puedes :
_bun nuevo ramillete de recuerdos /
_cRamona Borgo de Vallejos.
264 1 _aCrespo :
_b[Butvilofsky impr.],
_c2005.
300 _a168 páginas :
_bilustraciones, ;
_c17 centímetros
336 _atext
_2rdacontent
337 _aunmediated
_2rdamedia
338 _avolume
_2rdacarrier
505 0 _aIn memoriam -- Experiencias vividas en Libertador San Martin -- Recuerdos de misiones -Testificación, viajes y otros.
526 _aSEG42
526 _aSEG41
526 _aSEG40
526 _aSEG39
526 _aP94
526 _aP87
526 _aP86
526 _aP85
526 _aP77
526 _aP76
526 _aP35
600 1 _aBorgo de Vallejos, Ramona.
_d1916-
650 0 4 _aAdventistas del séptimo día
_xBiografías.
910 _bjv
_cng
_d20100720
942 _2ddc
_cBOOK
949 _a286.732092 B.74S
_wDEWEY
_c1
_i61948
_lCCODEBUL1
_mBUL
_p8.00
_r0
_sY
_tBOOK
_u2015-7-6
_xTEOLOGIA
_PP35
_0COMPRA
_o.STAFF. Colección General
994 _aC0
_bPEPRU
596 _a1
999 _a286.732092 B.74S
_wDEWEY
_c51062
_i61948
_f2021-11-11
_g6
_lCCODEBUL1
_mBUL
_p8.00
_r0
_sY
_tBOOK
_u2015-7-6
_xTEOLOGIA
_PP35
_0COMPRA
_o.STAFF. Colección General
_d51062
980 _81
_gALBERTO SANCHEZ Responsable de Automatización